CENTRAL BANKING, MONETARY POLICY AND INCOME DISTRIBUTION (Record no. 8327)

MARC details
000 -LEADER
fixed length control field 00359nam a2200133Ia 4500
008 - FIXED-LENGTH DATA ELEMENTS--GENERAL INFORMATION
fixed length control field 260604s9999 xx 000 0 und d
020 ## - INTERNATIONAL STANDARD BOOK NUMBER
International Standard Book Number 9781800371927
082 ## - DEWEY DECIMAL CLASSIFICATION NUMBER
Classification number 332.1 KAP
100 ## - MAIN ENTRY--PERSONAL NAME
Personal name KAPPES [S.]
9 (RLIN) 35506
245 #0 - TITLE STATEMENT
Title CENTRAL BANKING, MONETARY POLICY AND INCOME DISTRIBUTION
260 ## - PUBLICATION, DISTRIBUTION, ETC.
Name of publisher, distributor, etc. EDWARD ELGAR
500 ## - GENERAL NOTE
General note Banking, Monetary Policy
942 ## - ADDED ENTRY ELEMENTS (KOHA)
Koha item type Book
Holdings
Date last seen Total Checkouts Full call number Barcode Cost, replacement price Price effective from Koha item type Lost status Damaged status Not for loan Withdrawn status Home library Current library Shelving location Date acquired Cost, normal purchase price BOOK NO
06/04/2026   332.1 KAP 003945 13208.57 06/04/2026 Book         Indian Institute of Management Visakhapatnam Indian Institute of Management Visakhapatnam   06/04/2026 13208.57 KAP

Copyright © 2024 Indian Institute of Management Visakhapatnam
Koha v23.05